| 000 | 00493nam a2200181Ia 4500 | ||
|---|---|---|---|
| 008 | 240925s9999 xx 000 0 und d | ||
| 020 | _a8178085631 | ||
| 082 | _a658.4038 LAU | ||
| 100 | _aLaudon, Kenneth C. | ||
| 245 | 0 | _aManagement Information Systems: managing the digital firm | |
| 250 | _a7th | ||
| 260 |
_aNew Delhi: _bPearson Printice Hall _c,2002. |
||
| 300 |
_axxii,665p. _bNA _fPirated |
||
| 500 | _aIncludes Index | ||
| 600 | _aManagement | ||
| 650 | _aManagement | ||
| 942 | _cBK | ||
| 999 |
_c7014 _d7014 |
||